000 00538nam a22001937a 4500
003 OSt
005 20220107122754.0
008 140621b xxu||||| |||| 00| 0 eng d
020 _a9788131754986
040 _cIIITM-K
082 _a006.7 WAL/B
100 _aWalter, Aarron
_95707
245 _aBuilding findable websites:
_bWeb standards, SEO and beyond
_cby Aarron Walter
260 _aNew Delhi,
_bNew Riders,
_c2011.
300 _axiv, 248p.
650 _aCOMPUTER SCIENCE
_95708
650 _aWEBSITE DESIGN
_95709
942 _2ddc
_cBK
999 _c4437
_d4437